000
00296nam a22001217a 4500
008
180208b xxu||||| |||| 00| 0 eng d
041
_a
eng
080
_a
32
100
_a
22
101
_a
POL
245
_a
THE REASON OF RULES CONSTITUTIONAL POLITICAL ECONOMY
_c
JAMES.M.B
942
_2
udc
_c
BK
999
_c
42175
_d
42175